Điều khiển tự động truyền động điện xoay chiều ba pha

Cuốn sách nhằm giúp các kỹ sư Việt Nam tiếp cận với các phương pháp mới trong việc mô hình hoá đối tượng động cơ, từ đó dẫn tới việc xây dựng nên các thuật toán điều khiển phù hợp với các tiến bộ mới của công nghệ vi điện tư...

Descrición completa

Gardado en:
Detalles Bibliográficos
Autor Principal: Nguyễn, Phùng Quang
Formato: Libro
Idioma:Undetermined
Publicado: Hà Nội Giáo Dục 1998
Những chủ đề:
Các nhãn: Engadir etiqueta
Sen Etiquetas, Sexa o primeiro en etiquetar este rexistro!
Thư viện lưu trữ: Trung tâm Học liệu Trường Đại học Cần Thơ
LEADER 01238nam a2200205Ia 4500
001 CTU_29815
008 210402s9999 xx 000 0 und d
020 |c 21500 
082 |a 621.319 
082 |b Qu106 
100 |a Nguyễn, Phùng Quang 
245 0 |a Điều khiển tự động truyền động điện xoay chiều ba pha 
245 0 |c Nguyễn Phùng Quang 
260 |a Hà Nội 
260 |b Giáo Dục 
260 |c 1998 
520 |a Cuốn sách nhằm giúp các kỹ sư Việt Nam tiếp cận với các phương pháp mới trong việc mô hình hoá đối tượng động cơ, từ đó dẫn tới việc xây dựng nên các thuật toán điều khiển phù hợp với các tiến bộ mới của công nghệ vi điện tử, vi xử lý và điện tử công suất, đặc biệt trong việc áp dụng các phương pháp hiện đại của lý thuyết tự động điều chỉnh để thu được các thuật toán mới. 
650 |a Electric engineering 
904 |i Minh, Hải 
980 |a Trung tâm Học liệu Trường Đại học Cần Thơ